The American class system (Record no. 481824)

000 -LEADER
fixed length control field 00403cam a22001337a 4500
008 - FIXED-LENGTH DATA ELEMENTS--GENERAL INFORMATION
fixed length control field 180718b1995 xxu||||| |||| 00| 0 eng d
082 ## - DEWEY DECIMAL CLASSIFICATION NUMBER
Classification number T19x73 K127
100 ## - MAIN ENTRY--PERSONAL NAME
Personal name Kalra, Paul
245 ## - TITLE STATEMENT
Title The American class system
Statement of responsibility, etc. by Paul Kalra
260 ## - PUBLICATION, DISTRIBUTION, ETC.
Place of publication, distribution, etc. Peasant Hill
Name of publisher, distributor, etc. Antenna
Date of publication, distribution, etc. 1995
300 ## - PHYSICAL DESCRIPTION
Extent 348p.
650 ## - SUBJECT ADDED ENTRY--TOPICAL TERM
Topical term or geographic name entry element United States - Political and sociological aspects
650 ## - SUBJECT ADDED ENTRY--TOPICAL TERM
Topical term or geographic name entry element Economic Policy - United States
Holdings
Withdrawn status Lost status Damaged status Not for loan Permanent Location Current Location Date acquired Full call number Barcode Date last seen Price effective from Koha item type
        Indian Institute of Public Administration Indian Institute of Public Administration 2018-08-04 T19x73 K127 GR14038 2018-08-04 2018-08-04 GR

Powered by Koha